Modelové aspekty centralizovanej monetárnej politiky a decentralizovanej fiškálnej politiky

Informácia o zámeroch a cieľoch dizertačnej práce, obhajoba, ktorej sa konala 30. augusta 2012.

Gespeichert in:
Bibliographische Detailangaben
1. Verfasser: Oštrom, Marek
Format: Buchkapitel
Sprache:Slowakisch
Schlagworte:
Tags: Tag hinzufügen
Keine Tags, Fügen Sie das erste Tag hinzu!

MARC

LEADER 00000naa a2200000 4500
001 0165513
005 20240502072902.5
041 0 |a slo 
044 |a SK 
245 1 0 |a Modelové aspekty centralizovanej monetárnej politiky a decentralizovanej fiškálnej politiky  |c Marek Oštrom 
520 |a Informácia o zámeroch a cieľoch dizertačnej práce, obhajoba, ktorej sa konala 30. augusta 2012. 
610 2 0 |a ekonometria 
610 2 0 |a politika fiškálna 
610 2 0 |a politika menová 
610 2 0 |a práce kvalifikačné 
100 1 |a Oštrom, Marek